Selección de su obra literaria. Tomo III: Cuentos, Versos, Temas bibliográficos, Páginas Heredianas

Guardat en:
Dades bibliogràfiques
Autor principal: Dobles Segreda, Luis
Format: Llibre
Idioma:Undetermined
Publicat: San José, Costa Rica EUNED 1996
Matèries:
Etiquetes: Afegir etiqueta
Sense etiquetes, Sigues el primer a etiquetar aquest registre!

MARC

LEADER 00000nam a2200000Ia 4500
008 170316s9999 xx 000 0 und d
040 |a cru BVZT 
090 |a 868 D-11s v.3 
100 |a Dobles Segreda, Luis 
245 |a Selección de su obra literaria. Tomo III: Cuentos, Versos, Temas bibliográficos, Páginas Heredianas  |c Carlos Meléndez Chaverri, compilador 
260 |a San José, Costa Rica 
260 |b EUNED 
260 |c 1996 
300 |a 969 páginas 
650 |a LITERATURA COSTARRICENSE 
942 |c 15 D 
999 |c 10907  |d 10907